<?xml version="1.0" encoding="UTF-8"?>
<record
    xmlns:xsi="http://www.w3.org/2001/XMLSchema-instance"
    xsi:schemaLocation="http://www.loc.gov/MARC21/slim http://www.loc.gov/standards/marcxml/schema/MARC21slim.xsd"
    xmlns="http://www.loc.gov/MARC21/slim">

  <leader>00742nam a2200265 u 4500</leader>
  <controlfield tag="001">304005</controlfield>
  <controlfield tag="005">20260506082733.0</controlfield>
  <controlfield tag="008">980907s1998                        spa  </controlfield>
  <datafield tag="035" ind1=" " ind2=" ">
    <subfield code="a">304005</subfield>
  </datafield>
  <datafield tag="035" ind1=" " ind2=" ">
    <subfield code="a">(OCoLC)777738137</subfield>
  </datafield>
  <datafield tag="040" ind1=" " ind2=" ">
    <subfield code="c">comduadb</subfield>
  </datafield>
  <datafield tag="041" ind1=" " ind2=" ">
    <subfield code="a">spa</subfield>
  </datafield>
  <datafield tag="080" ind1=" " ind2=" ">
    <subfield code="a">E</subfield>
  </datafield>
  <datafield tag="082" ind1=" " ind2="4">
    <subfield code="a">333</subfield>
  </datafield>
  <datafield tag="110" ind1="2" ind2="0">
    <subfield code="a">Interconexi&#xF3;n El&#xE9;ctrica S.A.</subfield>
    <subfield code="4">aut</subfield>
    <subfield code="e">aut</subfield>
    <subfield code="9">823747</subfield>
  </datafield>
  <datafield tag="245" ind1="1" ind2="0">
    <subfield code="a">Glosario energ&#xE9;tico</subfield>
  </datafield>
  <datafield tag="250" ind1=" " ind2=" ">
    <subfield code="a">primera edici&#xF3;n</subfield>
  </datafield>
  <datafield tag="260" ind1=" " ind2=" ">
    <subfield code="a">Medell&#xED;n :</subfield>
    <subfield code="b">Isa,</subfield>
    <subfield code="c">1998.</subfield>
  </datafield>
  <datafield tag="300" ind1=" " ind2=" ">
    <subfield code="a">105 p&#xE1;ginas</subfield>
  </datafield>
  <datafield tag="500" ind1=" " ind2=" ">
    <subfield code="a">Canje: Interconexi&#xF3;n El&#xE9;ctrica S.A: Ago./98.</subfield>
  </datafield>
  <datafield tag="650" ind1=" " ind2=" ">
    <subfield code="a">Sector el&#xE9;ctrico</subfield>
    <subfield code="9">15724</subfield>
  </datafield>
  <datafield tag="650" ind1=" " ind2=" ">
    <subfield code="a">Energ&#xED;a el&#xE9;ctrica - Glosarios</subfield>
    <subfield code="9">10015</subfield>
  </datafield>
  <datafield tag="650" ind1=" " ind2=" ">
    <subfield code="a">Telecomunicaciones - Diccionarios</subfield>
    <subfield code="9">5519</subfield>
  </datafield>
  <datafield tag="942" ind1=" " ind2=" ">
    <subfield code="c">BOOK</subfield>
  </datafield>
  <datafield tag="999" ind1=" " ind2=" ">
    <subfield code="c">108123</subfield>
    <subfield code="d">108123</subfield>
  </datafield>
  <datafield tag="952" ind1=" " ind2=" ">
    <subfield code="0">0</subfield>
    <subfield code="1">0</subfield>
    <subfield code="4">0</subfield>
    <subfield code="7">0</subfield>
    <subfield code="8">GENERAL</subfield>
    <subfield code="a">CENDI</subfield>
    <subfield code="b">CENDI</subfield>
    <subfield code="d">2016-05-03</subfield>
    <subfield code="i">C1243742</subfield>
    <subfield code="l">0</subfield>
    <subfield code="o">E 00747</subfield>
    <subfield code="p">785942</subfield>
    <subfield code="r">2025-01-29 00:00:00</subfield>
    <subfield code="t">2</subfield>
    <subfield code="w">2023-04-22</subfield>
    <subfield code="y">BOOK</subfield>
  </datafield>
</record>
